| 000 | 01131nam a22002417a 4500 | ||
|---|---|---|---|
| 003 | OSt | ||
| 005 | 20170608093035.0 | ||
| 008 | 150408b2011 slv spa | ||
| 040 | _cBMC | ||
| 082 | _a721 | ||
| 100 | 1 |
_934787 _aChacón Esquivel, Juan José |
|
| 245 | 1 | 0 |
_aPlan de protección y mejoramiento de la imagen urbana del Centro Histórico de la ciudad de Santa Ana, El Salvador _b: Informe de proyecto _cJuan José, Chacón Esquivel, Karen Elena Guevara Sagastume |
| 260 |
_aSanta Ana (El Salvador) _bUniversidad Católica de El Salvador _c2011 |
||
| 300 |
_a1 v. (pág. var.) _bil. col. y planos _c28 cm _e+ 1 disco compacto |
||
| 500 | _aPrecede al tít.: Universidad Católica de El Salvador, Facultad de Ingeniería y Arquitectura | ||
| 500 | _aPeríodo de realización de marzo a septiembre de 2010 | ||
| 502 | _aPara optar al título de Arquitecto | ||
| 650 | 2 | 4 |
_98971 _aDiseño arquitectónico |
| 650 | 2 | 4 |
_94860 _aProyectos de arquitectura |
| 700 | 1 |
_934789 _aGuevara Sagastume, Karen Elena |
|
| 710 | 2 |
_91166 _aUniversidad Católica de El Salvador _bFacultad de Ingeniería y Arquitectura |
|
| 942 |
_2ddc _cTG |
||
| 999 |
_c21244 _d21244 |
||